The Oxford guide to word games
| Main Author: | |
|---|---|
| Format: | Book |
| Published: |
Oxford :
Oxford University Press ,
1984
|
| Subjects: |
MARC
| LEADER | 00000cam a2200000 7i4500 | ||
|---|---|---|---|
| 001 | 0000000974 | ||
| 005 | 20021126.0 | ||
| 020 | |a 0192141449 | ||
| 040 | |a INS | ||
| 090 | 0 | 0 | |a GV1507.W8 |b A84 1984 |
| 100 | 1 | |a Augarde, Tony | |
| 245 | 1 | 4 | |a The Oxford guide to word games |c Tony Augarde |
| 260 | |a Oxford : |b Oxford University Press , |c 1984 | ||
| 300 | |a x, 240p. : |b ill.c21 cm | ||
| 500 | |a Includes index | ||
| 650 | 0 | 0 | |a Word games |
| 999 | |a 0000000322 |b BOOK |c Open Shelf |e Default branch | ||